| 000 | 01393cam a22003374a 4500 | ||
|---|---|---|---|
| 999 |
_c529116 _d529116 |
||
| 001 | 12461475 | ||
| 005 | 20190919191414.0 | ||
| 008 | 010705m20029999nyua b 001 0 eng | ||
| 010 | _a 2001045358 | ||
| 020 | _a0471406465 (alk. paper) | ||
| 040 |
_aDLC _beng _cDLC _dDLC |
||
| 042 | _apcc | ||
| 050 | 0 | 0 |
_aTA350 _b.M458 2002 |
| 082 |
_a620.1 _bMER |
||
| 100 | 1 |
_aMeriam, J. L. _q(James L.) _920974 |
|
| 245 | 1 | 0 |
_aEngineering mechanics statics (Vol-1) / _cJ.L. Meriam, L.G. Kraige ; with special contributions by William J. Palm, III. |
| 250 | _a5th ed. | ||
| 260 |
_aNew Delhi : _bJ. Wiley, _c2007- |
||
| 300 |
_a494 : _bcol. ill. ; _c26 cm. |
||
| 504 | _aIncludes bibliographical references and index. | ||
| 505 | 1 | _av. 1. Statics -- v. 2. Dynamics. | |
| 650 | 0 |
_aMechanics, Applied. _913090 |
|
| 700 | 1 |
_aKraige, L. G. _q(L. Glenn) _920975 |
|
| 700 | 1 |
_aPalm, William J., _cIII _q(William John), _d1944- _920976 |
|
| 856 | 4 | 1 |
_3Table of contents only _uhttp://www.loc.gov/catdir/toc/wiley021/2001045358.html |
| 856 | 4 | 2 |
_3Publisher description _uhttp://www.loc.gov/catdir/enhancements/fy0612/2001045358-d.html |
| 906 |
_a7 _bcbc _corignew _d1 _eocip _f20 _gy-gencatlg |
||
| 942 |
_2ddc _cBK |
||